| 000 | 00564nam a2200217Ia 4500 | ||
|---|---|---|---|
| 008 | 160404s9999 xx 000 0 und d | ||
| 020 | _a978-971-27-2372-8 | ||
| 050 | _aFIL HF 5415 | ||
| 050 | _b.J83 2010 | ||
| 100 | _aJucutan, Myra Lao. | ||
| 245 | _a101 principles of marketing : | ||
| 245 | _bunderstanding the 5 ps / | ||
| 245 | _cMyra Lao Jucutan, Felix M. Lao, Jr. | ||
| 260 | _aPasig City: | ||
| 260 | _bAnvil Pub. Inc., | ||
| 260 | _c2010 | ||
| 300 | _a138 pages : | ||
| 300 | _billustrations ; | ||
| 300 | _c18 cm. | ||
| 650 | _aMarketing. | ||
| 999 |
_c293323 _d293323 |
||